KFZ-Länderkürzel Europa - Statistiken

Allgemein
  • Dieses Quiz wurde 384 mal gespielt
  • Das Durchschnittsergebnis liegt bei 40 aus 46
Antwortstatistiken
Kürzel Land % Korrekt
B Belgien
97%
AL Albanien
95%
EST Estland
95%
AND Andorra
94%
D Deutschland
94%
FIN Finnland
94%
F Frankreich
94%
CZ Tschechien
93%
GB Vereinigtes Königreich
93%
DK Dänemark
92%
CH Schweiz
92%
BG Bulgarien
91%
LT Litauen
91%
NL Niederlande
91%
PL Polen
91%
RUS Russland
91%
IS Island
90%
LV Lettland
90%
A Österreich
90%
RO Rumänien
90%
SLO Slowenien
90%
SRB Serbien
89%
SK Slowakei
88%
E Spanien
88%
H Ungarn
88%
GR Griechenland
87%
BIH Bosnien und Herzegowina
86%
P Portugal
86%
V Vatikan
86%
I Italien
85%
L Luxemburg
85%
N Norwegen
85%
S Schweden
85%
NMK (MK) Nordmazedonien
84%
CY Zypern
83%
UA Ukraine
82%
HR Kroatien
81%
MC Monaco
80%
BY Belarus
79%
TR Türkei
79%
MD Moldau
78%
FL Liechtenstein
75%
MNE Montenegro
75%
M Malta
72%
RSM San Marino
71%
RKS Kosovo
69%
Keine übereinstimmenden Quizze gefunden
Verteilung der Resultate
Anzahl Personen mit jedem Resultat
Perzentil nach korrekt beantworteten Fragen
Ihre Resultats-Entwicklung
Sie haben dieses Quiz noch nicht gespielt